000 00208 a2200097 4500
001 1934
100 _aBulmer, M.G.
245 _aPrinciples and Statistics
260 _a
_bOliver& Boyd
_c
090 _c1432
_d1432
942 _aNUST-CAE
_cM
_c4803
999 _c237007
_d237007